Comercio internacional y desarrollo económico

Gespeichert in:
Bibliographische Detailangaben
1. Verfasser: Viner, Jacob (VerfasserIn)
Format: Buch
Sprache:Spanisch
Veröffentlicht: Madrid Tecnos 1966
Ausgabe:2a. ed
Schriftenreihe:Ciencias Sociales. Serie de Económia
Schlagworte:
Tags: Tag hinzufügen
Keine Tags, Fügen Sie den ersten Tag hinzu!

MARC

LEADER 00000nam a2200000 a 4500
001 UCS2869
003 CL-VaPUC
008 970606e19660000SP |||||||||||||||||spa|d
082 0 4 |a 382  |b VIN  |2 21 
100 0 |a Viner, Jacob  |e author  |9 388763 
245 1 0 |a Comercio internacional y desarrollo económico 
250 |a 2a. ed 
300 |a 167 p 
942 |c BK 
945 |d 19970606 00:00:00  |a lriquelm 
260 |a Madrid  |b Tecnos  |c 1966 
650 7 |a COMERCIO INTERNACIONAL  |2 CL-VaPUC  |9 388764 
650 0 |a Política monetaria  |9 258279 
650 0 |a Política fiscal  |9 317354 
650 0 |a Política económica   |9 255029 
650 7 |a PLANIFICACION ECONOMICA  |2 CL-VaPUC  |9 321496 
650 7 |a DESARROLLO ECONOMICA Y SOCIAL  |2 CL-VaPUC  |9 388762 
583 |a last modification  |c 19970606 00:00:00  |k Rodrigo Vera 
490 0 |a Ciencias Sociales. Serie de Económia 
999 |c 260796  |d 260794 
952 |0 0  |1 0  |4 0  |6 382_000000000000000_VIN_1966  |7 0  |8 P  |9 287139  |a BIBDER  |b BIBDER  |d 2019-11-19  |i 1865730  |o 382 VIN 1966  |p 1865730  |r 2023-01-25  |w 2019-11-19  |y BK  |k DER